00578nam a2200145Ia 4500008004100000245010500041260003100146260000900177300000900186650002600195650001200221856010700233999001900340952007300359170516s9999 xx 000 0 und d aComparison of computed tomography dose index in polymethyl methacrylate and nylon dosimetry phantoms bJournal of Medical Physics c2016 a41:1 xRadiologic Technology xRadtech uhttp://www.jmp.org.in/showBackIssue.asp?issn=0971-6203;year=2016;volume=41;issue=1;month=January-March c332257d332257 001040aCLbCLd2017-05-16l0r2017-05-16 00:00:00w2017-05-16yFOJ